| 000 | nam a22 7a 4500 | ||
|---|---|---|---|
| 999 |
_c28272 _d28272 |
||
| 008 | 170224b xxu||||| |||| 00| 0 eng d | ||
| 020 | _a1559994177 | ||
| 050 | _aLB 3060.57 .L39 1994 | ||
| 100 |
_aLizzari, Andrea M. _d1994 |
||
| 245 |
_a125 ways to be a better test taker/ _bApogram for tes success _cAndrea, Lazzari M |
||
| 250 | _a1st ed. | ||
| 260 |
_aUSA: _bLinguisystem, _c1994. |
||
| 300 | _a150p. :ill. | ||
| 650 | _aTest-taking skills | ||
| 700 | _aWood | ||
| 942 |
_2lcc _cBOOKS _hLB 3060.57 .L39 1994 |
||